| 000 | 00947nam0a22003011 4500 | ||
|---|---|---|---|
| 001 | RU\INFOCOMM_327\NLR\5000012097 | ||
| 005 | 20250614080013.0 | ||
| 035 | _a(NLR Aleph) 010590534 | ||
| 090 |
_a10501034 _c10501034 |
||
| 100 | _a20121212d1957 |||y0rusy50 ca | ||
| 101 | 0 | _afre | |
| 102 | _aRU | ||
| 105 | _ay z|||| | ||
| 200 | 1 |
_aL'industrie de l'URSS _fF. Kochelev |
|
| 210 |
_aM. _cEd. en langues étrangères _d1957 |
||
| 215 |
_a59 с. _cсхем. _d19 см |
||
| 225 | 1 | _aL'Union soviétique | |
| 300 | _aНа обл. авт. не указан | ||
| 606 | 0 |
_aПромышленность _yСССР _91045240 _3RU\NLR\AUTH\6685148 |
|
| 620 | _aМосква | ||
| 686 |
_aЭ4-10Общ.отд. _2rubbk |
||
| 700 | 1 |
_9z01790 _aKošelev _bF. P. _gFilipp Petrovič |
|
| 790 | 1 |
_9z01700 _aKochelev _bF. _4070 |
|
| 801 | 1 |
_aRU _bNLR _c20121212 |
|
| 801 | 0 |
_aRU _bINFOCOMM _gPSBO |
|
| 852 |
_aNLR _jЭк41 Г-4/231 |
||
| 942 | _cBOOK | ||
| 980 | _aNB | ||